Zmeny zákona o DPH v roku 2022

Oznamovacia povinnosť bankových účtov. Inštitút ručenia za daň, osobitný spôsob úhrady dane. Vrátenie preplatku a nadmerného odpočtu. Zrušenie osvedčenia o registrácii, vrátenie osvedčenia o registrácii alebo jeho zánik. Zrušenie osobitných osvedčení pre daňových zástupcov. Základ dane pri jednorazo...

Ausführliche Beschreibung

Gespeichert in:
Bibliographische Detailangaben
1. Verfasser: Betáková, Jaroslava
Format: Buchkapitel
Sprache:Slowakisch
Schlagworte:
Tags: Tag hinzufügen
Keine Tags, Fügen Sie das erste Tag hinzu!

MARC

LEADER 00000naa a2200000 4500
001 0280922
005 20240417075150.6
041 0 |a slo 
044 |a SK 
245 1 0 |a Zmeny zákona o DPH v roku 2022  |c Jaroslava Betáková 
520 |a Oznamovacia povinnosť bankových účtov. Inštitút ručenia za daň, osobitný spôsob úhrady dane. Vrátenie preplatku a nadmerného odpočtu. Zrušenie osvedčenia o registrácii, vrátenie osvedčenia o registrácii alebo jeho zánik. Zrušenie osobitných osvedčení pre daňových zástupcov. Základ dane pri jednorazových obaloch. 
610 2 0 |a dane z hodnoty pridanej 
610 2 0 |a povinnosť oznamovacia 
610 2 0 |a účty bankové 
610 2 0 |a preplatky 
610 2 0 |a základ dane 
610 2 0 |a novelizácia 
610 2 0 |a legislatíva 
100 1 |a Betáková, Jaroslava